120 Star Wars Characters in 5 Minutes - Statistics

General Stats
  • This quiz has been taken 44 times
    42 since last reset
  • The average score is 40 of 120
Answer Stats
Name % Correct
Anakin Skywalker / Darth Vader
100%
Luke Skywalker
100%
Rey Palpatine-Skywalker
100%
Han Solo
97%
Princess Leia Organa
97%
Chewbacca
94%
Emperor Palpatine / Darth Sidious
94%
Obi-Wan "Ben" Kenobi
94%
R2-D2
91%
Yoda
91%
C-3PO
88%
Finn / FN-2187
88%
D-O
81%
Kylo Ren / Ben Solo
81%
Lando Calrissian
81%
Queen / Senator Padmé Amidala
81%
Boba Fett
78%
Count Dooku / Darth Tyranus
75%
Darth Maul
75%
Jango Fett
75%
Mace Windu
75%
Poe Dameron
75%
Qui-Gon Jinn
69%
BB-8
66%
Jabba the Hutt
63%
Jar Jar Binks
63%
Captain Rex / CT-7567
56%
General Grievous
53%
Ahsoka Tano / Snips
50%
Commander Cody / CC-2224
47%
Plo Koon
47%
Shmi Skywalker
47%
Admiral Gial Ackbar
44%
Commander Gree / CC-1004
44%
Kit Fisto
44%
Din Djarin / The Mandalorian / Mando
38%
Fives / CT-5555
38%
Grand Moff Wilhuff Tarkin
38%
Savage Opress
34%
Supreme Leader Snoke
34%
Wedge Antillies
34%
Aayla Secura
31%
General Armitage Hux
31%
Jyn Erso
31%
Luminara Unduli
31%
Rose Tico
31%
Uncle Owen Lars
31%
Asajj Ventress
28%
Bib Fortuna
28%
Cad Bane
28%
Captain Phasma
28%
General Maximilian Veers
28%
Aunt Beru Lars
25%
Biggs Darklighter
25%
Cassian Andor
25%
Ezra Bridger
25%
Greedo
25%
Maz Kanata
25%
Nute Gunray
25%
Shaak Ti
25%
Wicket W. Warrick
25%
Barriss Offee
22%
C1-10P / Chopper
22%
Echo / CT-1409
22%
Hera Syndulla
22%
IG-88
22%
Kanan Jarrus
22%
Sabine Wren
22%
Yaddle
22%
BB-9E
19%
Garazeb "Zeb" Orrelios
19%
Ima-Gun-Di
19%
Nien Nunb
19%
Val
19%
Vice Admiral Amilyn Holdo
19%
Watto
19%
Baby Yoda
16%
Commander Bly / CC-5052
16%
Commander Fox / CC-1010
16%
Director Orson Krennic
16%
K-2SO
16%
Adi Gallia
13%
Babu Frik
13%
Baze Malbus
13%
Bodhi Rook
13%
Carasynthia "Cara" Dune
13%
Chirrut Îmwe
13%
Mother Talzin
13%
Sebulba
13%
Commander Ponds / CT-411
9%
General Enric Pryde
9%
Greef Karga
9%
Lobot
9%
Saw Gerrera
9%
Yarael Poof
9%
Admiral Thrawn / Mitth'raw'nuruodo
6%
Aurra Sing
6%
Commander Wolffe / CC-3636
6%
Enfys Nest
6%
Gar Saxon
6%
Gregor / CC-5576-39
6%
IG-11
6%
Jannah / TZ-1719
6%
Moff Gideon
6%
Qi'ra
6%
The Grand Inquisitor / Pau'an
6%
Tobias Beckett
6%
Zorii Bliss
6%
Dryden Vos
3%
Jek "Piggy" Porkins
3%
Kuiil
3%
L3-37
3%
Pong Krell
3%
Ap'lek
0%
Cardo
0%
Governor Arihnda Pryce
0%
Kuruk
0%
Trudgen
0%
Ushar
0%
Vicrul
0%
No matching quizzes found
Score Distribution
Percent of People with Each Score
Percentile by Number Answered
Your Score History
You have not taken this quiz since the last reset